The world economic factbook 1994 / 5.
| Format: | Book |
|---|---|
| Published: |
London:
Euromonitor,
1994.
|
| Subjects: |
| LEADER | 00399cam a2200145 7i4500 | ||
|---|---|---|---|
| 001 | 0000004203 | ||
| 005 | 19991025090000.0 | ||
| 002 | ##000005663 | ||
| 020 | 0 | 0 | |a 0-86338-565-6 |
| 090 | 0 | 0 | |a I 330.9 |b WOR |
| 245 | 1 | 0 | |a The world economic factbook 1994 / 5. |
| 260 | 0 | 0 | |a London: |b Euromonitor, |c 1994. |
| 300 | 0 | 0 | |a 461 p.. |
| 650 | 0 | 0 | |a Economic conditions |
| 999 | |a 0000007048 |b Book |c Open shelf |e Business Information Centre | ||


